000 00317nam a2200109Ia 4500
008 220204s9999 xx 000 0 und d
082 _a336.215
_bLAK
100 _aLAKHOTIA, Ram Nivas
245 0 _aHow to stop worrying about inocme tax and soothen tax matters
260 _aCalcutta
_bAsha pub house
_c1983
942 _cBK
999 _c38496
_d38496